| 000 | 00634nai a2200169Ia 4500 | ||
|---|---|---|---|
| 003 | IN-BaIIA | ||
| 008 | 211028c9999 xx s 000 0 eng d | ||
| 022 | _a0168-583X (Online) | ||
| 040 | _cIIA Library | ||
| 245 | 0 |
_aNuclear Instruments and Methods in Physics Research Section B: Beam Interactions with Materials and Atoms _h[eJournal] |
|
| 260 |
_aAmsterdam _bNorth-Holland |
||
| 310 | _aSemi-monthly | ||
| 362 | _a82; 1995 - 90; 1995 | ||
| 521 | _bSubscribed through National Knowledge Resource Consortium (NKRC) | ||
| 856 |
_uhttps://www.sciencedirect.com/science/journal/0168583X _yClick Here to Access eJournal |
||
| 942 | _cEJ | ||
| 999 |
_c35433 _d35433 |
||